Countries with the Longest Perimeter - Statistics

General Stats
  • This quiz has been taken 89,379 times
    88,748 since last reset
  • The average score is 17 of 21
Answer Stats
km Country % Correct
93,100 Russia
100%
146,000 Canada
99%
81,500 United States
99%
33,400 Brazil
97%
38,900 China
97%
34,100 Australia
96%
25,100 India
93%
15,600 Argentina
92%
20,000 Mexico
92%
37,500 Chile
91%
55,300 Indonesia
89%
17,200 United Kingdom
89%
16,300 France
82%
15,500 Japan
81%
30,000 Norway
81%
48,900 Denmark (includes Greenland)
71%
12,000 Kazakhstan
71%
17,300 Philippines
70%
11,000 D. R. Congo
66%
12,000 Papua New Guinea
38%
12,200 Myanmar
33%
No matching quizzes found
Score Distribution
Percent of People with Each Score
Percentile by Number Answered
Your Score History
You have not taken this quiz since the last reset